000 00310nam a22001337a 4500
008 170627b xxu||||| |||| 00| 0 eng d
020 _a9780618532971
041 _aeng
080 _a82
100 _a21
101 _aGJL
245 _aTHE HEATH ANTHOLOGY OF AMERICAN LITERATURE
_cLAUTER, P
942 _2udc
_cBK
999 _c19261
_d19261